|
|
|
|
| LEADER |
04398nam a2200529 a 4500 |
| 001 |
2523931 |
| 003 |
BD-DhAAL |
| 005 |
20180417152035.0 |
| 008 |
100216s1994 nyua 001 0 eng d |
| 999 |
|
|
|c 7609
|d 7609
|
| 010 |
|
|
|a 93026181
|
| 020 |
|
|
|a 0673467392
|
| 020 |
|
|
|a 0673990982 (free ed.)
|
| 020 |
|
|
|a 9780673467393
|
| 040 |
|
|
|a DLC
|c DLC
|d DLC
|d BD-DhAAL
|
| 082 |
0 |
0 |
|a 512.13
|2 20
|
| 100 |
1 |
|
|a Lial, Margaret L.
|9 25589
|
| 245 |
1 |
0 |
|a Algebra and trigonometry /
|c Margaret L. Lial, Charles D. Miller, David I. Schneider.
|
| 250 |
|
|
|a Sixth edition
|
| 260 |
|
|
|a New York :
|b HarperCollins College Publishers,
|c c1994.
|
| 300 |
|
|
|a 654, A-114 pages :
|b illustrations (some colour) ;
|c 24 cm.
|
| 500 |
|
|
|a Includes index.
|
| 526 |
|
|
|a AAL
|
| 541 |
1 |
|
|e 9966, 33042, 33043, 33044, 33045
|
| 650 |
|
0 |
|a Algebra
|9 25590
|
| 650 |
|
0 |
|a Trigonometry
|9 25591
|
| 700 |
1 |
|
|a Miller, Charles David,
|d 1942-
|9 25592
|
| 700 |
1 |
|
|a Schneider, David I.
|9 25593
|
| 852 |
4 |
|
|a Ayesha Abed Library
|j General Stacks
|
| 942 |
0 |
0 |
|2 ddc
|c BK
|
| 952 |
|
|
|0 0
|1 0
|2 ddc
|4 0
|6 512_130000000000000_LIA
|7 0
|9 8307
|a BRACUL
|b BRACUL
|c GEN
|d 2010-02-18
|l 53
|m 194
|o 512.13 LIA
|p 3010009966
|r 2026-05-21
|s 2026-02-18
|t 1
|w 2010-02-18
|y BK
|
| 952 |
|
|
|0 0
|1 4
|2 ddc
|4 1
|6 512_130000000000000_LIA
|7 0
|9 9236
|a BRACUL
|b BRACUL
|c GEN
|d 2010-04-15
|g 110.00
|l 10
|m 7
|o 512.13 LIA
|p 3010013608
|r 2011-10-13
|s 2011-09-15
|t 2
|w 2010-04-15
|y BK
|x Koha Inventory 2020
|
| 952 |
|
|
|0 0
|1 0
|2 ddc
|4 0
|6 512_130000000000000_LIA
|7 0
|9 10124
|a BRACUL
|b BRACUL
|c GEN
|d 2010-05-13
|g 110.00
|l 58
|m 284
|o 512.13 LIA
|p 3010013611
|q 2026-05-19
|r 2026-04-12
|s 2026-04-12
|t 3
|w 2010-05-13
|y BK
|
| 952 |
|
|
|0 0
|1 0
|2 ddc
|4 1
|6 512_130000000000000_LIA
|7 0
|9 10551
|a BRACUL
|b BRACUL
|c SPS
|d 2010-05-30
|l 49
|m 204
|o 512.13 LIA
|p 3010009967
|r 2025-07-17
|s 2025-07-13
|t 4
|w 2010-05-30
|y BK
|
| 952 |
|
|
|0 0
|1 0
|2 ddc
|4 0
|6 512_130000000000000_LIA
|7 0
|9 10924
|a BRACUL
|b BRACUL
|c CIR
|d 2010-06-14
|g 110.00
|l 35
|m 204
|o 512.13 LIA
|p 3010013610
|r 2026-05-03
|s 2026-05-03
|t 5
|w 2010-06-14
|y 1HOUR
|
| 952 |
|
|
|0 0
|1 0
|2 ddc
|4 0
|6 512_130000000000000_LIA
|7 0
|9 16098
|a BRACUL
|b BRACUL
|c GEN
|d 2011-04-17
|l 40
|m 189
|o 512.13 LIA
|p 3010009964
|r 2026-05-04
|s 2026-05-03
|t 6
|w 2011-04-17
|y BK
|
| 952 |
|
|
|0 0
|1 4
|2 ddc
|4 1
|6 512_130000000000000_LIA
|7 0
|9 17517
|a BRACUL
|b BRACUL
|c GEN
|d 2011-07-19
|g 140.00
|l 1
|m 4
|o 512.13 LIA
|p 3010016037
|r 2012-01-17
|s 2011-07-26
|t 7
|w 2011-07-19
|y BK
|x Koha Inventory 2020
|
| 952 |
|
|
|0 0
|1 3
|2 ddc
|4 0
|6 512_130000000000000_LIA
|7 0
|9 17518
|a BRACUL
|b BRACUL
|c GEN
|d 2011-07-19
|g 140.00
|l 20
|m 59
|o 512.13 LIA
|p 3010016040
|r 2014-07-22
|s 2014-01-26
|t 8
|w 2011-07-19
|y BK
|
| 952 |
|
|
|0 0
|1 0
|2 ddc
|4 0
|6 512_130000000000000_LIA
|7 0
|9 17520
|a BRACUL
|b BRACUL
|c GEN
|d 2011-07-19
|l 35
|m 198
|o 512.13 LIA
|p 3010016036
|r 2025-11-03
|s 2025-10-13
|t 9
|w 2011-07-19
|y BK
|
| 952 |
|
|
|0 0
|1 0
|2 ddc
|4 0
|6 512_130000000000000_LIA
|7 0
|9 17541
|a BRACUL
|b BRACUL
|c GEN
|d 2011-07-19
|l 37
|m 163
|o 512.13 LIA
|p 3010011751
|r 2026-05-04
|s 2026-02-17
|t 10
|w 2011-07-19
|y BK
|
| 952 |
|
|
|0 0
|1 0
|2 ddc
|4 0
|6 512_130000000000000_LIA
|7 0
|9 17542
|a BRACUL
|b BRACUL
|c GEN
|d 2011-07-19
|l 39
|m 203
|o 512.13 LIA
|p 3010011801
|q 2022-12-22
|r 2018-06-03
|s 2018-06-03
|t 11
|w 2011-07-19
|y BK
|
| 952 |
|
|
|0 0
|1 0
|2 ddc
|4 0
|6 512_130000000000000_LIA
|7 0
|9 17543
|a BRACUL
|b BRACUL
|c GEN
|d 2011-07-19
|l 30
|m 146
|o 512.13 LIA
|p 3010012740
|r 2026-05-04
|s 2026-03-03
|t 12
|w 2011-07-19
|y BK
|x Price not available in Register
|
| 952 |
|
|
|0 0
|1 0
|2 ddc
|4 1
|6 512_130000000000000_LIA
|7 0
|9 18818
|a BRACUL
|b BRACUL
|c SPS
|d 2011-12-11
|g 110.00
|l 6
|m 19
|o 512.13 LIA
|p 3010013607
|r 2015-05-11
|s 2015-05-10
|t 13
|w 2011-12-11
|y BK
|x Photocopy Book. Declared as Damaged on December 10, 2023
|
| 952 |
|
|
|0 0
|1 0
|2 ddc
|4 1
|6 512_130000000000000_LIA
|7 0
|9 63187
|a BRACUL
|b BRACUL
|c SPS
|d 2018-04-15
|e Karim International
|g 11300.00
|l 8
|m 57
|o 512.13 LIA
|p 3010033042
|r 2022-04-05
|s 2020-01-14
|t 14
|v 11300.00
|w 2018-04-15
|y BK
|x Photocopy Book. Declared as Damaged on December 10, 2023
|
| 952 |
|
|
|0 0
|1 0
|2 ddc
|4 1
|6 512_130000000000000_LIA
|7 0
|9 63188
|a BRACUL
|b BRACUL
|c GEN
|d 2018-04-15
|e Karim International
|g 11300.00
|l 9
|m 103
|o 512.13 LIA
|p 3010033043
|r 2022-04-21
|s 2022-04-13
|t 15
|v 11300.00
|w 2018-04-15
|y BK
|
| 952 |
|
|
|0 0
|1 0
|2 ddc
|4 0
|6 512_130000000000000_LIA
|7 0
|9 63189
|a BRACUL
|b BRACUL
|c GEN
|d 2018-04-15
|e Karim International
|g 11300.00
|l 9
|m 99
|o 512.13 LIA
|p 3010033044
|q 2025-01-16
|r 2023-05-18
|s 2023-05-18
|t 17
|v 11300.00
|w 2018-04-15
|y BK
|
| 952 |
|
|
|0 0
|1 0
|2 ddc
|4 0
|6 512_130000000000000_LIA
|7 0
|9 63190
|a BRACUL
|b BRACUL
|c GEN
|d 2018-04-15
|e Karim International
|g 11300.00
|l 25
|m 90
|o 512.13 LIA
|p 3010033045
|r 2026-05-14
|s 2026-04-15
|t 16
|v 22600.00
|w 2018-04-15
|y BK
|